Long-run exchange rate dynamics <a> panel data study

Gespeichert in:
Bibliographische Detailangaben
1. Verfasser: Habermeier, Karl F.
Weitere Verfasser: Mesquita, Mario
Format: Buch
Sprache:Englisch
Veröffentlicht: Washington International Monetary Fund 1999
Schriftenreihe:IMF working paper WP/99/50
Schlagworte:
Tags: Tag hinzufügen
Keine Tags, Fügen Sie das erste Tag hinzu!

MARC

LEADER 00000nam a2200000 4500
001 c116234
005 20221221082858.0
041 0 |a eng 
044 |a US 
245 1 0 |a Long-run exchange rate dynamics  |b <a> panel data study  |c Prepared by Karl F. Habermeier and Mario Mesquita 
264 1 |a Washington  |b International Monetary Fund  |c 1999 
300 |a 25 s. 
490 1 |a IMF working paper  |v WP/99/50 
830 0 |a IMF working paper  |v WP/99/50 
610 2 0 |a kurz devízový 
610 2 0 |a sila kúpna peňazí 
610 2 0 |a parita sily kúpnej 
610 2 0 |a testy 
610 2 0 |a porovnanie medzinárodné 
610 2 0 |a ukazovatele finančné 
100 1 |a Habermeier, Karl F. 
700 1 |a Mesquita, Mario